000 00647nam a2200241Ia 4500
003 OSt
005 20221005021851.0
006 a|||||r|||| 00| 0
007 ta
008 221004b |||||||| |||| 00| 0 guj d
024 _a44708
037 _cTextual
040 _aCRL
_cCRL
_bguj
041 _2guj
_aguj
082 _aO156,3N12,12, J7
100 _aPannalal Patel Au.
_9577556
245 0 _aBhagyana bheru
260 _aahmadabad
_bravnee prakashan india
_c1957
300 _a459p.
_ccm.
650 _aGUJRATI FICTION
942 _hO156,3N12,12, J7
_cTEXL
_2cc
999 _c928288
_d928288